000 00678nam a2200253Ia 4500
003 OSt
005 20220924125446.0
006 a|||||r|||| 00| 0
007 ta
008 220923b |||||||| |||| 00| 0 ara d
024 _a342002
037 _cTextual
040 _aARTS
_cARTS
_bara
041 _2ara
_aara
082 _aQ7:21, 28E6.1
100 _aZakaria Muhammad Au.
_9198294
245 0 _aAwjaz al masalik
260 _aSaharanpur
_bMaktaba-al-haiwan India
_c1916
300 _a456p.
_ccm.
650 _a RELIGION
650 _aISLAM
_9577
942 _hQ7:21, 28E6.1
_cTEXL
_2CC
999 _c422674
_d422674